Datum a čas kvízu
25
Celkem bodů
Celkový počet nahraných bodů na tomto kvízu bez doplňovacích otázek.
5.
Pořadí na kvízu
Konečné umístění týmu na tomto kvízu.
Zaznamenané odpovědi
| # | Otázka | Odpověď | Body | Výsledky |
|---|---|---|---|---|
| 1. | Minulou neděli dopoledne dosed... | 0 | ||
| 2. | Britský princ Harry a americká... | 1 | ||
| 3. | Ve zlínském obchodním a zábavn... | 0 | ||
| 5. | Lezec Adam Ondra minulý týden... | 0 | ||
| 6. | Dědictví aneb Kurvahošigutntag... | 0 | ||
| 7. | Bohuš: "Není to ___, ten Kája?... | 0 | ||
| 8. | Kterou značku cigaret má Bohuš... | 0 | ||
| 9. | "Však je to sladké jak ___ ___... | 1 | ||
| 10. | Pták, kterého Bohuš koupil Ire... | 1 | ||
| 11. | Koordinovaný světový čas je oz... | 1 |